000 00815nam a2200229Ii 4500
003 JO-AjNU
008 230605s9999||||xx |||||||||||||| ||und||
017 _a2005/7/1755
020 _a9957-02-207-5
040 _aJO-AjNU
_bara
_erda
_cJO-AjNU
041 _aara
050 1 4 _aPJ7561.M8652.S89 2006
100 3 _aعبيد،محمد صابر,
_eauthor
_923586
245 0 0 _aحركية التعبير الشعري:رذاذ اللغة ومرايا الصورة في شعر عز الدين المناصرة [قراءات ومنتخبات]
250 _aط1
264 3 1 _aعمان:دار مجدلاوي،2005
300 _a204ص
336 _atext
_btxt
_2rdacontent
337 _aunmediated
_bn
_2rdamedia
338 _avolume
_bnc
_2rdacarrier
650 4 _aالشعر العربي-العصر الحديث
_923587
999 _aA8554
_c12122
_d12122